The effect of mebendazole on gastrointestinal parasites of cattle in prey toteung commune sithor kandal district prey veng province, ប្រសិទ្ធភាព MEBENDAZOLE លើបរាសិតក្នុងក្រពះពោះវៀនគោ នៅឃុំព្រៃទទឹង​ ស្រុកស៊ីធរកណ្ដាល ខេត្តព្រៃវែង (Record no. 2672)

000 -LEADER
fixed length control field 00751nam a22001577a 4500
003 - CONTROL NUMBER IDENTIFIER
control field OSt
005 - DATE AND TIME OF LATEST TRANSACTION
control field 20151025113522.0
008 - FIXED-LENGTH DATA ELEMENTS--GENERAL INFORMATION
fixed length control field 151025b xxu||||| |||| 00| 0 eng d
040 ## - CATALOGING SOURCE
Transcribing agency RUA
082 ## - DEWEY DECIMAL CLASSIFICATION NUMBER
Classification number AVM CHR 2013 B109 Or.1
100 ## - MAIN ENTRY--PERSONAL NAME
9 (RLIN) 2854
Personal name CHRAV, VIREAK.
245 ## - TITLE STATEMENT
Title The effect of mebendazole on gastrointestinal parasites of cattle in prey toteung commune sithor kandal district prey veng province, ប្រសិទ្ធភាព MEBENDAZOLE លើបរាសិតក្នុងក្រពះពោះវៀនគោ នៅឃុំព្រៃទទឹង​ ស្រុកស៊ីធរកណ្ដាល ខេត្តព្រៃវែង
260 ## - PUBLICATION, DISTRIBUTION, ETC. (IMPRINT)
Place of publication, distribution, etc. Phnom Penh
Name of publisher, distributor, etc. RUA
Date of publication, distribution, etc. 2013
300 ## - PHYSICAL DESCRIPTION
Extent xi; 62p.
Other physical details ill.
Dimensions 29cm.
942 ## - ADDED ENTRY ELEMENTS (KOHA)
Source of classification or shelving scheme
Koha item type AVM
Holdings
Price effective from Date last seen Permanent Location Not for loan Date acquired Source of classification or shelving scheme Koha item type Lost status Withdrawn status Total Renewals Date last checked out Total Checkouts Shelving location Damaged status Barcode Current Location Full call number
2015-10-252016-06-16Library Block B 2015-10-25 AVM  22016-03-221B109 RUA017842Library Block BAVM CHR 2013 B109 Or.1
2015-10-252018-02-05Library Block B 2015-10-25 AVM   2018-01-193B109 RUA017914Library Block BAVM CHR 2013 B109 Or.2
2015-10-252015-10-25Library Block B 2015-10-25 AVM     B109 RUA017986Library Block BAVM CHR 2013 B109 Or.3
2015-10-252015-10-25Library Block B 2015-10-25 AVM     B109 RUA017770Library Block BAVM CHR 2013 B109 Or.4
2015-10-252015-10-25Library Block B 2015-10-25 AVM     B109 RUA017698Library Block BAVM CHR 2013 B109 Or.5
2015-10-252015-10-25Library Block B 2015-10-25 AVM     B109 RUA017626Library Block BAVM CHR 2013 B109 Or.6
2015-10-252020-06-09Library Block B 2015-10-25 AVM   2020-06-011B109 RUA017554Library Block BAVM CHR 2013 B109 Or.7
2015-10-252015-10-25Library Block B 2015-10-25 AVM     B109 RUA017667Library Block BAVM CHR 2013 B109 Or.8
2015-10-252015-10-25Library Block B 2015-10-25 AVM     B109 RUA017978Library Block BAVM CHR 2013 B109 Or.9
មជ្ឈមណ្ឌលឯការនៃសាកលវិទ្យាល័យភូមិន្ទកសិកម្មចំការដូង

Powered by Koha